00521nam a2200157Ia 450000500170000000800410001704100080005808200160006610000230008224500400010526000350014530000090018065000230018999900190021295201320023120250729165729.0250729s2010 xx 000 0 und d aeng a370.15 MANE aS K Mangal9231617 aEssential of Educational Psychology aNewdelhibP H I Learningc2010 a726p aPsychology9231618 c239371d239371 00104070aALbALd2025-07-29eManagement Booksg350.00l0o370.15 MANEpBED04690r2025-07-29 16:57:29v350.00w2025-07-29yBK